| 000 | 00611cab a2200217 4500 | ||
|---|---|---|---|
| 001 | WB3129-42 | ||
| 008 | 090401t1995 xxu||||| |||| 00| 0 eng d | ||
| 035 | _a(Sirsi) u41045 | ||
| 041 | _aeng | ||
| 245 | _aRailway sale gets up steam | ||
| 260 | _c1995 | ||
| 350 | _a0 | ||
| 490 |
_aTimes _v28 July 1995, 25(2) |
||
| 520 | _aSix groups are expected to bid for three passenger service franchises which close today. Gives details of bidders. | ||
| 650 | _aPRIVATISATON | ||
| 650 | _aRAIL SERVICES | ||
| 650 | _aRAILWAYS | ||
| 690 | _aTRANSPORT AND COMMUNICATIONS | ||
| 942 | _n0 | ||
| 948 | _c04/03/1997 | ||
| 999 |
_c26343 _d26343 |
||